| 000 | 01982nam0a2200361 4500 | ||
|---|---|---|---|
| 001 | RU\NLR\BIBL_A\011907384 | ||
| 005 | 20190227172052.0 | ||
| 010 |
_a978-5-7444-4192-0 _9500 |
||
| 021 |
_aRU _bКН-П-18-092693 _9КН-П-18-6722 |
||
| 035 | _a(NLR Aleph) 011907384 | ||
| 035 | _a(RuMoRGB)009829107 | ||
| 090 |
_a10916233 _c10916233 |
||
| 100 | _a20190111d2018 k y0rusy50 ca | ||
| 101 | 0 | _arus | |
| 102 | _aRU | ||
| 105 | _ay|||z|||000zy | ||
| 200 | 1 |
_aКонцепции русской ментальности западников и славянофилов (Из истории либеральной общественно-политической мысли в России 30-70-х гг. XIX в.) _eмонография _fЕ. А. Поправко _gМинистерство обороны Российской Федерации, Военная академия материально-технического обеспечения имени генерала армии А. В. Хрулева |
|
| 210 |
_aВладивосток _cИзд-во ДВФУ _d2018 |
||
| 215 |
_a285, [1] с. _cтабл. _d21 |
||
| 320 | _aБиблиогр.: с. 246-257, 261-269, 275-285 и в подстроч. примеч. | ||
| 517 | 1 | _aИз истории либеральной общественно-политической мысли в России 30-70-х гг. XIX в. | |
| 606 | 1 |
_aРусские _xМенталитет _2nlr_sh1 _2nlr_sh2 _3RU\NLR\AUTH\661267487 |
|
| 606 | 1 |
_aСлавянофильство _yРоссия _2nlr_sh1 _2nlr_sh2 _3RU\NLR\AUTH\66901145 |
|
| 606 | 1 |
_aЗападничество _yРоссия _2nlr_sh2 _3RU\NLR\AUTH\6601650289 |
|
| 686 | 1 | _aТ3(2)0-72 | |
| 686 | 1 | _aТ3(2)472-474 | |
| 686 | 1 | _aТ3(2)472-475 | |
| 686 | 1 | _aЮ3(2)51-568 | |
| 700 | 1 |
_aПоправко _bЕ. А. _gЕлена Александровна |
|
| 942 | _cBOOK | ||
| 980 | _aNB | ||